000 00897cab a2200241 4500
001 ABS56575
008 090401t1997 xxu||||| |||| 00| 0 eng d
035 _a(Sirsi) u24629
041 _aeng
100 _aSeidl, A.
245 _aDrive to curb out-of-town migration
260 _c1997
350 _a0
490 _aEstates Gazette
_v(9708) 22 February 1997, 66-67(2)
520 _aExamines the Round Table fo Sustainable Development`s report "Getting around Town" which calls for the government to halve the growth of out-of-town developments by refusing applications that do not comply with PPG13. Outlines the key recommendations of the report.
650 _aBUSINESS PARKS
650 _aOUT-OF-TOWN DEVELOPMENT
650 _aPLANNING POLICY GUIDANCE NOTE 13
650 _aSUSTAINABLE DEVELOPMENT
690 _aPROPERTY-PROPERTY DEVELOPMENT
942 _n0
948 _c04/03/1997
999 _c16522
_d16522